000 00356 a2200157 4500
001 56900
020 _a8570566301
040 _cAnchieta - Pituba
100 _aAguiar, Luiz Antonio
240 1 0 _aMãe em noite de lua cheia
_lpor
245 1 0 _aMãe em noite de lua cheia
300 _a52
362 0 _a1994
650 4 _aLiteratura juvenil
942 _cBK
999 _c56900
_d56900